| 000 | 00349nam a2200121Ia 4500 | ||
|---|---|---|---|
| 008 | 220204s9999 xx 000 0 und d | ||
| 082 |
_a658.5 _bMIL |
||
| 100 | _aMiller, Ernest C | ||
| 245 | 0 | _aObjectives and standards of performance in production management | |
| 260 |
_aBombay _bTaraporevala _c1976 |
||
| 650 | _aProduction management | ||
| 942 | _cBK | ||
| 999 |
_c30305 _d30305 |
||